U.S. States That Start With M - Statistics

General Stats
  • This quiz has been taken 111 times
  • The average score is 7 of 8
Answer Stats
Answer % Correct
Maine
91%
Montana
91%
Mississippi
90%
Maryland
86%
Michigan
86%
Missouri
85%
Massachusetts
84%
Minnesota
80%
No matching quizzes found
Score Distribution
Percent of People with Each Score
Percentile by Number Answered
Your Score History
You have not taken this quiz